000 00238nam a2200109Ia 4500
008 190216s9999||||xx |||||||||||||| ||und||
100 _aJose Weider
245 0 _aMr Olympia
260 _bSt Martin Press
650 _aEnglish
942 _cBK
999 _c13480
_d13480